000 01293nam a22002657a 4500
005 20170809142507.0
010 _a1516EN07 ENG-114876
020 _a9780143422266
_c599.00
035 _aEN-98408
035 _aB-605886-902
035 _aB-664986
037 _adpl
_bBlueberry/Ven
037 _bDBAD/PUB
082 _a954.021
100 _aEraly, Abraham
245 _aThe age of wrath:
_cby Abraham Eraly
_ba history of the Delhi Sultanate /
260 _bPenguin Books
_c2014
_aGurgaon
270 _a7th Floor, Infinity Tower C, DLF Cyber City
_bGurgaon
_e122002,
300 _axi,448p.
_c24cm(pbk)
500 _a Includes bibliographical references (pages 436-440) and index.
505 _aPt. 1. Overview -- pt. 2. Prelude -- pt. 3. Slave sultans -- pt. 4. Khaljis -- pt. 5. Tughluqs -- pt. 6. Three kingdoms -- pt. 7. Polity -- pt. 8. Socio-economic scene -- pt. 9. Culture.
942 _2ddc
_cEN
_mERA
_h954.021
999 _c95884
_d95884